Poison Poison - Renee Rapp (All Lyrics) - Statistics

General Stats
  • This quiz has been taken 57 times
    26 since last reset
  • The average score is 362 of 391
Answer Stats
Lyrics % Correct
a
100%
annoying,
100%
baby
100%
could
100%
earth
100%
for
100%
fuck
100%
Fuck
100%
fucking
100%
get
100%
I
100%
(I
100%
La
100%
la
100%
la,
100%
my
100%
nerves
100%
on
100%
person
100%
poison
100%
poison,
100%
so
100%
So
100%
the
100%
worst
100%
You
100%
you
100%
you,
100%
(You
100%
your
100%
You're
100%
you're
100%
be
94%
bit
94%
bitch
94%
bitch,
94%
bitch)
94%
Forgiving
94%
girl
94%
go
94%
go,
94%
is
94%
pointless,
94%
that
94%
to
94%
and
88%
And
88%
but
88%
But,
88%
But
88%
die
88%
dumb
88%
hate
88%
It
88%
it
88%
lick
88%
shut
88%
think
88%
up
88%
(Ah
81%
ah
81%
ah)
81%
all
81%
always
81%
am
81%
didn't
81%
Gorg?
81%
hard
81%
have
81%
like
81%
makin'
81%
me
81%
supportin'
81%
women
81%
back
75%
behind
75%
feminist
75%
got
75%
guts
75%
knife
75%
of
75%
should
75%
this
75%
This
75%
yes,
75%
almost
69%
away
69%
check
69%
flip
69%
just
69%
might
69%
out
69%
pocket
69%
script
69%
unlucky
69%
use
69%
with
69%
inboxes
63%
suit
63%
ahead
56%
another
56%
anybody
56%
little
56%
our
56%
wanna
56%
Anything
50%
incriminated
50%
listening
50%
Mm,
50%
shit)
50%
takes
50%
bosses
44%
drop
44%
run
44%
run,
44%
bring
38%
down
38%
love
31%
mouth,
31%
No matching quizzes found
Score Distribution
Percent of People with Each Score
Percentile by Number Answered
Your Score History
You have not taken this quiz since the last reset